Digital avionics systems, 2/e (Record no. 299941)

000 -LEADER
fixed length control field 00344 a2200145 4500
001 - CONTROL NUMBER
control field 64868
082 ## - DEWEY DECIMAL CLASSIFICATION NUMBER
Classification number 629.135 SPI
090 ## - LOCALLY ASSIGNED LC-TYPE CALL NUMBER (OCLC); LOCAL CALL NUMBER (RLIN)
-- 38292
-- 38292
100 ## - MAIN ENTRY--PERSONAL NAME
Personal name Spitzer, Cary R
245 ## - TITLE STATEMENT
Title Digital avionics systems, 2/e
250 ## - EDITION STATEMENT
Edition statement 2
260 ## - PUBLICATION, DISTRIBUTION, ETC.
Place of publication, distribution, etc. New JerseyJ
Name of publisher, distributor, etc. Mcgraw Hill
Date of publication, distribution, etc. 2000
300 ## - PHYSICAL DESCRIPTION
Extent xiv, 277
500 ## - GENERAL NOTE
General note BE textbook Avionics
942 ## - ADDED ENTRY ELEMENTS (KOHA)
Institution code [OBSOLETE] NUST-CAE
Call number prefix 629.135 SPI
Holdings
Withdrawn status Lost status Damaged status Not for loan Collection code Permanent Location Current Location Date acquired Total Checkouts Full call number Barcode Date last seen Price effective from Koha item type
          College of Aeronautical Engineering (CAE) College of Aeronautical Engineering (CAE) 04/03/2017   629.135 SPI CAEN-2361 04/05/2017 04/05/2017 Book
          College of Aeronautical Engineering (CAE) College of Aeronautical Engineering (CAE) 04/03/2017   629.135 SPI CAEN-2360 04/05/2017 04/05/2017 Book
          College of Aeronautical Engineering (CAE) College of Aeronautical Engineering (CAE) 04/03/2017   629.135 SPI CAEN-2359 04/05/2017 04/05/2017 Book
          College of Aeronautical Engineering (CAE) College of Aeronautical Engineering (CAE) 04/03/2017   629.135 SPI CAEN-2358 04/05/2017 04/05/2017 Book
          College of Aeronautical Engineering (CAE) College of Aeronautical Engineering (CAE) 04/03/2017   629.135 SPI CAEN-2347 04/05/2017 04/05/2017 Book
          College of Aeronautical Engineering (CAE) College of Aeronautical Engineering (CAE) 04/03/2017   629.135 SPI CAEN-2345 04/05/2017 04/05/2017 Book
© 2023 Central Library, National University of Sciences and Technology. All Rights Reserved.